Statistics for Countries From Largest To Smallest Starting With A

Click here to take the quiz!

General Stats

  • This quiz has been taken 44 times
  • The average score is 9 of 11

Answer Stats

SizeAnswer% Correct
2,780,400 sq.kmArgentina
95%
7,741,220 sq.kmAustralia
93%
2,381,741 sq.kmAlgeria
91%
468 sq.kmAndorra
88%
1,246,700 sq.kmAngola
86%
29,743 sq.kmArmenia
86%
28,748 sq.kmAlbania
86%
442 sq.kmAntigua and Barbuda
84%
652,090 sq.kmAfghanistan
81%
86,600 sq.kmAzerbaijan
79%
83,871 sq.kmAustria
79%

Score Distribution

Percentile by Number Answered

Percent of People with Each Score

Your Score History

You have not taken this quiz